| 000 | 00598nam a2200181Ia 4500 | ||
|---|---|---|---|
| 008 | 151202s9999||||xx |||||||||||||| ||und|| | ||
| 082 | _bPNVM-33335 | ||
| 100 | _aखरे सुरेश. | ||
| 245 | _aमंतरलेली चैत्रवेल. | ||
| 260 | _b"जोशी ब्रदर्स, पुणे." | ||
| 260 | _c1980 | ||
| 300 | _a83 | ||
| 600 | _aखरे सुरेश. | ||
| 630 | _aमंतरलेली चैत्रवेल. | ||
| 700 | _aखरे सुरेश. | ||
| 730 | _aमंतरलेली चैत्रवेल. | ||
| 942 | _cBOOK | ||
| 999 |
_c1299296 _d1299293 |
||